000 00691nam a2200253Ia 4500
003 OSt
005 20221007111611.0
006 a|||||r|||| 00| 0
007 ta
008 221006b |||||||| |||| 00| 0 eng d
024 _a23,901
037 _cTextual
040 _aLCO
_cLCO
_beng
041 _2eng
_aeng
082 _aX6295:531, L2
100 _aKronfol Zouhair A.
_9708411
245 0 _aProtection of Foreign Investment
260 _aNew
_bYork A.W.Sijthoff U.S.A.
_c1972
300 _a176
500 _aA Study in International Law
650 _aFOREIGN INVESTMENT
942 _hX6295:531, L2
_cTEXL
999 _c1193464
_d1193464